Co to je, když se řekne Bílá kniha?
Biela kniha - dokument, ktorý predložila Európska komisia v júni 1995. BK upravuje niektoré kroky, ktoré musí podniknúť šesť pridružených krajín, aby upravili svoju legislatívu v súlade s legislatívou EÚ. Biela kniha nenahradzuje Európsku dohodu, ale súbežne bude existovať celý rad dvojstranných doh...
Gespeichert in:
| 1. Verfasser: | |
|---|---|
| Format: | Buchkapitel |
| Sprache: | Tschechisch |
| Schlagworte: | |
| Tags: |
Keine Tags, Fügen Sie das erste Tag hinzu!
|
MARC
| LEADER | 00000naa a2200000 4500 | ||
|---|---|---|---|
| 001 | r018714 | ||
| 005 | 20221208131111.1 | ||
| 041 | 0 | |a cze | |
| 044 | |a CZ | ||
| 245 | 1 | 0 | |a Co to je, když se řekne Bílá kniha? |c K. Ferjentsik |
| 520 | |a Biela kniha - dokument, ktorý predložila Európska komisia v júni 1995. BK upravuje niektoré kroky, ktoré musí podniknúť šesť pridružených krajín, aby upravili svoju legislatívu v súlade s legislatívou EÚ. Biela kniha nenahradzuje Európsku dohodu, ale súbežne bude existovať celý rad dvojstranných dohôd až do úplného nadobudnutia členstva v EÚ. Zainteresovanosť ČR na plnom členstve v EÚ. | ||
| 610 | 2 | 0 | |a Biela kniha |
| 610 | 2 | 0 | |a integrácia ekonomická medzinárodná |
| 610 | 2 | 0 | |a Európska únia |
| 610 | 2 | 0 | |a obchod vnútorný |
| 610 | 2 | 0 | |a zmluvy medzinárodné |
| 610 | 2 | 0 | |a stredná Európa |
| 610 | 2 | 0 | |a východná Európa |
| 610 | 2 | 0 | |a Česko |
| 610 | 2 | 0 | |a legislatíva |
| 610 | 2 | 0 | |a Európska komisia |
| 100 | 1 | |a Ferjentsik, Koloman | |